[Event "9. Copenhagen Open Politiken Cup"]
[Site "Copenhagen"]
[Date "1987.??.??"]
[Round "1"]
[White "Agustsson, Johannes"]
[Black "Jakobsen, Ole"]
[Result "1-0"]
[WhiteElo "2275"]
[BlackElo "2400"]
[PlyCount "71"]
[EventDate "1987.??.??"]
[EventType "swiss"]
[EventRounds "10"]
[EventCountry "DEN"]
[SourceDate "2004.01.01"]

1. e4 c5 2. Nf3 e6 3. d4 cxd4 4. Nxd4 d6 5. Nc3 a6 6. Bd3 Bd7 7. Be3 Nc6 8. O-O
Nf6 9. f4 Qc7 10. Qf3 Be7 11. Rae1 O-O 12. Kh1 Rac8 13. Qg3 g6 14. Nf3 Nb4 15.
e5 Nh5 16. Qh3 Nxd3 17. cxd3 Bc6 18. Nd4 Rfd8 19. f5 dxe5 20. Nxe6 fxe6 21.
fxg6 Nf6 22. Qxe6+ Kh8 23. Bg5 Rf8 24. Rxf6 Bxf6 25. Bxf6+ Rxf6 26. Qxf6+ Qg7
27. Qxe5 Qxe5 28. Rxe5 hxg6 29. d4 Kg7 30. d5 Re8 31. Rxe8 Bxe8 32. Ne4 Bf7 33.
d6 Kf8 34. a3 Ke8 35. Nf6+ Kd8 36. h4 1-0

[Event "9. Copenhagen Open Politiken Cup"]
[Site "Copenhagen"]
[Date "1987.??.??"]
[Round "1"]
[White "Bartels, Hans A"]
[Black "Conquest, Stuart"]
[Result "1-0"]
[WhiteElo "2315"]
[BlackElo "2445"]
[PlyCount "59"]
[EventDate "1987.??.??"]
[EventType "swiss"]
[EventRounds "10"]
[EventCountry "DEN"]
[SourceDate "2004.01.01"]

1. d4 Nf6 2. c4 c5 3. d5 b5 4. cxb5 a6 5. bxa6 g6 6. Nc3 Bxa6 7. e4 Bxf1 8.
Kxf1 d6 9. Nf3 Bg7 10. h3 O-O 11. Kg1 Na6 12. Kh2 Qb8 13. Re1 e6 14. dxe6 fxe6
15. Kg1 Nh5 16. Ng5 Bd4 17. Re2 Ng3 18. Rd2 Nc7 19. Rxd4 cxd4 20. Qxd4 Nh5 21.
Qxd6 Ra6 22. Qe7 Ng7 23. Be3 Qxb2 24. Rd1 Nce8 25. Bc5 Rf6 26. e5 Rf5 27. Nce4
Ra8 28. Bd4 Qa3 29. Nf6+ Rxf6 30. Qxa3 1-0

[Event "9. Copenhagen Open Politiken Cup"]
[Site "Copenhagen"]
[Date "1987.??.??"]
[Round "1"]
[White "Becx, Cesar"]
[Black "Plachetka, Jan"]
[Result "0-1"]
[WhiteElo "2295"]
[BlackElo "2435"]
[PlyCount "50"]
[EventDate "1987.??.??"]
[EventType "swiss"]
[EventRounds "10"]
[EventCountry "DEN"]
[SourceDate "2004.01.01"]

1. f4 c5 2. Nf3 g6 3. d3 d5 4. g3 Bg7 5. Bg2 Nc6 6. O-O Nf6 7. Nc3 b6 8. Ne5
Bb7 9. e4 Nd4 10. f5 O-O 11. fxg6 hxg6 12. exd5 Nxd5 13. Ng4 Nxc3 14. bxc3 Bxg2
15. Kxg2 Qd5+ 16. Kg1 Nb5 17. Bh6 Nxc3 18. Qd2 Bd4+ 19. Ne3 Rfd8 20. Rf2 Qh5
21. Bf4 e5 22. g4 exf4 23. gxh5 fxe3 24. Qc1 exf2+ 25. Kf1 Re8 0-1

[Event "9. Copenhagen Open Politiken Cup"]
[Site "Copenhagen"]
[Date "1987.??.??"]
[Round "1"]
[White "Bjerring, Kai"]
[Black "Danielsen, Henrik"]
[Result "0-1"]
[WhiteElo "2280"]
[BlackElo "2405"]
[PlyCount "88"]
[EventDate "1987.??.??"]
[EventType "swiss"]
[EventRounds "10"]
[EventCountry "DEN"]
[SourceDate "2004.01.01"]

1. e4 c6 2. d4 d5 3. e5 Bf5 4. Nc3 e6 5. Bd3 Bxd3 6. Qxd3 Qb6 7. h4 c5 8. Be3
Nc6 9. dxc5 Bxc5 10. Bxc5 Qxc5 11. Nf3 Nge7 12. O-O a6 13. Rad1 h6 14. Ne2 Ng6
15. Rfe1 O-O 16. Ned4 Nxd4 17. Qxd4 Qxc2 18. h5 Ne7 19. Rc1 Qf5 20. Qb4 Rfe8
21. Rc7 a5 22. Qc5 Nc6 23. a3 a4 24. Nd4 Qxh5 25. Nxc6 bxc6 26. Qxc6 Qg5 27.
Qd7 Rf8 28. Re3 Rab8 29. Qxa4 Rxb2 30. Qd1 Qf5 31. Qf3 Qb1+ 32. Kh2 d4 33. Rd3
Rxf2 34. Qxf2 Qxd3 35. Rd7 Qxa3 36. Qxd4 Qa5 37. Qf4 Qe1 38. Rb7 Qe2 39. Rc7
Qh5+ 40. Kg3 Rd8 41. Qe4 Rd3+ 42. Kf2 Rd2+ 43. Kg3 Qg5+ 44. Kh3 Rd3+ 0-1

[Event "9. Copenhagen Open Politiken Cup"]
[Site "Copenhagen"]
[Date "1987.??.??"]
[Round "1"]
[White "Clausen, Steen"]
[Black "Horvath, Tamas"]
[Result "1-0"]
[WhiteElo "2270"]
[BlackElo "2395"]
[PlyCount "79"]
[EventDate "1987.??.??"]
[EventType "swiss"]
[EventRounds "10"]
[EventCountry "DEN"]
[SourceDate "2004.01.01"]

1. d4 Nf6 2. Nf3 c5 3. d5 g6 4. Nc3 Bg7 5. e4 O-O 6. Be2 b5 7. e5 Ng4 8. Bf4 f6
9. exf6 Bxf6 10. Qc1 b4 11. Ne4 Bxb2 12. Qxb2 Rxf4 13. Nxc5 a5 14. Nd3 Rf8 15.
h4 Qb6 16. h5 Qf6 17. hxg6 hxg6 18. O-O-O Ba6 19. Rh4 Qxb2+ 20. Kxb2 Nxf2 21.
Nxf2 Bxe2 22. Rdh1 Bxf3 23. gxf3 Na6 24. Rh7 Nc7 25. d6 exd6 26. Rxd7 Rf7 27.
Rxf7 Kxf7 28. Rh7+ Ke6 29. Rxc7 Rf8 30. Ne4 d5 31. Nd2 Ke5 32. Ra7 Kd4 33. Rxa5
Rf5 34. Ra6 Ke3 35. Nb3 Rxf3 36. Rxg6 Rf5 37. Re6+ Kf2 38. Nc1 Kf1 39. Nd3 Rh5
40. Nxb4 1-0

[Event "9. Copenhagen Open Politiken Cup"]
[Site "Copenhagen"]
[Date "1987.??.??"]
[Round "1"]
[White "Hutters, Tomas"]
[Black "Lanc, Alois"]
[Result "0-1"]
[WhiteElo "2335"]
[BlackElo "2495"]
[PlyCount "84"]
[EventDate "1987.??.??"]
[EventType "swiss"]
[EventRounds "10"]
[EventCountry "DEN"]
[SourceDate "2004.01.01"]

1. Nf3 Nf6 2. d4 e6 3. Bg5 c5 4. e3 h6 5. Bh4 b6 6. Bd3 Be7 7. O-O O-O 8. Nbd2
Bb7 9. c3 d6 10. Qe2 a6 11. e4 Nh5 12. Bxe7 Qxe7 13. Qe3 Nd7 14. e5 f5 15. exd6
Qxd6 16. Nc4 Qc6 17. Rfe1 Rae8 18. Bf1 Qc7 19. dxc5 bxc5 20. Rad1 Bd5 21. Nce5
Nxe5 22. Qxe5 Qb7 23. b3 Bxf3 24. gxf3 Qxf3 25. Qxc5 Rf6 26. h3 Rg6+ 27. Kh2
Qf4+ 28. Kh1 Qf3+ 29. Kh2 Nf4 30. Qe3 Rg2+ 31. Kh1 Rxf2+ 32. Qxf3 Rxf3 33. Rd4
e5 34. Ra4 e4 35. Rxa6 Rd8 36. c4 Rd2 37. c5 Nxh3 38. c6 Nf2+ 39. Kg1 Ng4 40.
Bc4+ Kh7 41. Re2 Rd1+ 42. Kg2 f4 0-1

[Event "9. Copenhagen Open Politiken Cup"]
[Site "Copenhagen"]
[Date "1987.??.??"]
[Round "1"]
[White "Hvenekilde, Jorgen"]
[Black "Horvath, Gyula"]
[Result "0-1"]
[WhiteElo "2295"]
[BlackElo "2435"]
[PlyCount "172"]
[EventDate "1987.??.??"]
[EventType "swiss"]
[EventRounds "10"]
[EventCountry "DEN"]
[SourceDate "2004.01.01"]

1. e4 c5 2. Nf3 e6 3. d4 cxd4 4. Nxd4 Nc6 5. Be2 Nf6 6. Nc3 Bb4 7. O-O d6 8.
Nxc6 bxc6 9. Bd2 O-O 10. Bd3 e5 11. h3 Be6 12. a3 Bxc3 13. Bxc3 Nd7 14. Qh5 a5
15. Rad1 Nc5 16. b3 f6 17. Rfe1 Qb6 18. Re3 Bf7 19. Qh4 Nxd3 20. Rexd3 d5 21.
Rg3 Be6 22. Bd2 Ra7 23. Qh5 Rd7 24. Qe2 d4 25. Qe1 Ra8 26. Kh2 c5 27. f4 exf4
28. Bxf4 a4 29. e5 f5 30. bxa4 c4 31. Rb1 Qc6 32. a5 Qe4 33. Qxe4 fxe4 34. Rb6
Kf7 35. a6 Rc8 36. Rd6 c3 37. Rxd7+ Bxd7 38. e6+ Kxe6 39. Rxg7 d3 40. cxd3 exd3
41. Rg3 Bb5 42. a7 Ra8 43. Rg5 Bc4 44. Re5+ Kf7 45. Re4 Ba6 46. Be3 Rxa7 47.
Rf4+ Ke8 48. Bxa7 d2 49. Re4+ Kf7 50. Rf4+ Ke6 51. Re4+ Kf5 52. Rd4 c2 53. Rxd2
c1=Q 54. Rf2+ Ke6 55. Bb8 Qxa3 56. Bg3 Qd3 57. Rf3 Qd2 58. Rf2 Qd5 59. Rf3 Bd3
60. Rf2 h5 61. h4 Qb3 62. Bf4 Kd5 63. Bg5 Qb1 64. Bf4 Kd4 65. Kg3 Qe1 66. Bd2
Qd1 67. Kh2 Be4 68. Bf4 Kc4 69. Bg3 Bd5 70. Bf4 Qd4 71. Kg3 Kc3 72. Bg5 Qe5+
73. Bf4 Qe1 74. Bg5 Be6 75. Bf6+ Kd3 76. Bg5 Bg4 77. Bf4 Be2 78. Bh6 Kc2 79.
Bg5 Kd1 80. Bf4 Bc4 81. Bg5 Be6 82. Bf4 Bd5 83. Bg5 Qe5+ 84. Bf4 Qd4 85. Bg5
Ke1 86. Bf4 Qxf2+ 0-1

[Event "9. Copenhagen Open Politiken Cup"]
[Site "Copenhagen"]
[Date "1987.??.??"]
[Round "1"]
[White "Iskov, Gert"]
[Black "Karlsson, Lars"]
[Result "0-1"]
[WhiteElo "2330"]
[BlackElo "2480"]
[PlyCount "102"]
[EventDate "1987.??.??"]
[EventType "swiss"]
[EventRounds "10"]
[EventCountry "DEN"]
[SourceDate "2004.01.01"]

1. e4 e6 2. d3 d5 3. Nd2 Nf6 4. Ngf3 c5 5. g3 Nc6 6. Bg2 Be7 7. O-O b6 8. Re1
Bb7 9. e5 Nd7 10. h4 h6 11. Nf1 Qc7 12. Qe2 O-O-O 13. N1h2 Kb8 14. c3 Rc8 15.
Bd2 Qd8 16. Rab1 b5 17. d4 c4 18. b3 Nb6 19. bxc4 Nxc4 20. Rxb5 Ka8 21. Reb1
Ba6 22. R5b3 N6a5 23. Be1 Qd7 24. Rd1 Bb5 25. Ra1 Na3 26. Qb2 Bd3 27. Nd2 Rb8
28. Ng4 Nc2 29. Rb1 Nxb3 30. axb3 Rhc8 31. c4 Nxe1 32. Rxe1 Bxc4 33. Nxc4 Rxc4
34. Ne3 Rcb4 35. Qc2 Rc8 36. Qh7 Bf8 37. Bh3 Rxb3 38. Nxd5 Kb8 39. Ne3 Qxd4 40.
Bg2 Qb4 41. Rd1 Bc5 42. Rd7 Bxe3 43. fxe3 Qg4 44. Kh2 Qg6 45. Qxg6 fxg6 46.
Rxg7 Rc2 47. Kh3 Rxe3 48. Rxg6 h5 49. Rg8+ Kc7 50. Rg7+ Kd8 51. Bf1 a5 0-1

[Event "9. Copenhagen Open Politiken Cup"]
[Site "Copenhagen"]
[Date "1987.??.??"]
[Round "1"]
[White "Jacobsen, Bo"]
[Black "Yrjola, Jouni"]
[Result "0-1"]
[WhiteElo "2285"]
[BlackElo "2415"]
[PlyCount "88"]
[EventDate "1987.??.??"]
[EventType "swiss"]
[EventRounds "10"]
[EventCountry "DEN"]
[SourceDate "2004.01.01"]

1. c4 f5 2. g3 Nf6 3. Bg2 g6 4. Nc3 Bg7 5. e3 O-O 6. Nge2 e5 7. O-O d6 8. Rb1
c6 9. b4 Be6 10. b5 Bxc4 11. bxc6 bxc6 12. d3 Be6 13. Ba3 Rf7 14. Qa4 d5 15. d4
Nfd7 16. dxe5 Nxe5 17. Nf4 Bd7 18. Rfd1 Qc8 19. Rdc1 Nc4 20. Bc5 Na6 21. Bd4
Bxd4 22. exd4 Nc7 23. Qd1 Rb8 24. Rb3 Qd8 25. Rcb1 Rxb3 26. axb3 Nd6 27. Nd3
Ne4 28. Na4 Nb5 29. Rc1 Rf6 30. Ne5 f4 31. Bxe4 dxe4 32. Nc5 Bf5 33. g4 Nxd4
34. gxf5 Rxf5 35. Ncd7 Nf3+ 36. Nxf3 exf3 37. Qxf3 Qxd7 38. Rxc6 Rd5 39. Rc4 g5
40. h3 Rd4 41. Kg2 Rd5 42. Rb4 Kg7 43. Qc3+ Kg6 44. Rb8 Rd3 0-1

[Event "9. Copenhagen Open Politiken Cup"]
[Site "Copenhagen"]
[Date "1987.??.??"]
[Round "1"]
[White "Kristensen, Kaare Hove"]
[Black "Hazai, Laszlo"]
[Result "0-1"]
[WhiteElo "2330"]
[BlackElo "2465"]
[PlyCount "60"]
[EventDate "1987.??.??"]
[EventType "swiss"]
[EventRounds "10"]
[EventCountry "DEN"]
[SourceDate "2004.01.01"]

1. e4 e5 2. Nf3 Nc6 3. Bb5 a6 4. Bxc6 dxc6 5. O-O Qd6 6. d4 exd4 7. Qxd4 Qxd4
8. Nxd4 Bd7 9. Be3 O-O-O 10. Nc3 Ne7 11. a4 a5 12. Rfe1 Re8 13. f3 Ng6 14. Bf2
Bb4 15. Re3 Ne5 16. b3 h5 17. Nce2 Bd2 18. Rd1 Bxe3 19. Bxe3 f5 20. Ng3 fxe4
21. Nxe4 b6 22. Rd2 c5 23. Ne2 Bc6 24. N2c3 Rd8 25. Re2 c4 26. Bf4 Rhe8 27. Ng5
Ng6 28. Rxe8 Bxe8 29. Be3 cxb3 30. cxb3 Rd3 0-1

[Event "9. Copenhagen Open Politiken Cup"]
[Site "Copenhagen"]
[Date "1987.??.??"]
[Round "1"]
[White "Nilsson, Nils Specht"]
[Black "Hamann, Svend"]
[Result "1/2-1/2"]
[WhiteElo "2230"]
[BlackElo "2385"]
[PlyCount "145"]
[EventDate "1987.??.??"]
[EventType "swiss"]
[EventRounds "10"]
[EventCountry "DEN"]
[SourceDate "2004.01.01"]

1. e4 c5 2. Nf3 e6 3. c3 Nc6 4. Bb5 Nf6 5. Qe2 Be7 6. O-O O-O 7. d4 a6 8. Bd3
cxd4 9. cxd4 Nb4 10. Nc3 Nxd3 11. Qxd3 d5 12. e5 Nd7 13. Re1 b5 14. Re3 b4 15.
Ne2 a5 16. Nf4 Ba6 17. Qd1 Qc7 18. Bd2 Rfc8 19. Rc1 Qb6 20. Re1 Nf8 21. h4 Rxc1
22. Qxc1 Rc8 23. Qb1 Qb5 24. Rc1 Ng6 25. Rxc8+ Bxc8 26. Nxg6 hxg6 27. Qc1 Qc4
28. b3 Qxc1+ 29. Bxc1 Ba6 30. g3 Bd3 31. Nd2 g5 32. hxg5 Bxg5 33. f4 Be7 34.
Kf2 Kh7 35. Ke3 Bc2 36. Nf3 Bf5 37. Ne1 Kh6 38. Nd3 Kh5 39. Nc5 Kg4 40. Nb7
Kxg3 41. Bd2 Bb1 42. Nxa5 Bxa2 43. Nc6 Bf8 44. Bxb4 Bxb4 45. Nxb4 Bxb3 46. Nc6
Bc2 47. Nd8 Bg6 48. Nb7 Kg4 49. Nd6 Kh5 50. Kf3 Kh6 51. Kg4 Kh7 52. Nc8 Kh6 53.
Ne7 Be4 54. Ng8+ Kh7 55. Ne7 f6 56. exf6 gxf6 57. Kg3 Kg7 58. Kf2 Kf7 59. Nc6
Ke8 60. Ke3 Kd7 61. Nb4 Bf5 62. Kd2 Kc7 63. Kc3 Kb6 64. Na2 Kb5 65. Nc1 Bg4 66.
Nb3 Be2 67. Nd2 Bd1 68. Nf1 Ka4 69. Ne3 Bf3 70. Nc2 Be4 71. Nb4 Kb5 72. Na2 Bf5
73. Nc1 1/2-1/2

[Event "9. Copenhagen Open Politiken Cup"]
[Site "Copenhagen"]
[Date "1987.??.??"]
[Round "1"]
[White "Poulsen, Allan"]
[Black "Jansa, Vlastimil"]
[Result "1/2-1/2"]
[WhiteElo "2330"]
[BlackElo "2465"]
[PlyCount "105"]
[EventDate "1987.??.??"]
[EventType "swiss"]
[EventRounds "10"]
[EventCountry "DEN"]
[SourceDate "2004.01.01"]

1. e4 c5 2. Nf3 e6 3. d4 cxd4 4. Nxd4 Nf6 5. Nc3 d6 6. Be2 Be7 7. O-O O-O 8.
Be3 a6 9. a4 Nc6 10. f4 Qc7 11. Kh1 Re8 12. Bf3 Rb8 13. Qd2 Bd7 14. Nb3 b6 15.
Bf2 Bc8 16. Bg3 Nd7 17. e5 dxe5 18. fxe5 Ncxe5 19. Qe2 Bb7 20. Bxb7 Rxb7 21.
Rae1 f6 22. Qxa6 Bb4 23. Bxe5 Nxe5 24. Qb5 Qe7 25. Re3 Rc8 26. Nd4 Bxc3 27.
Rxc3 Rxc3 28. bxc3 h6 29. Rb1 Ra7 30. Qxb6 Rxa4 31. Qxe6+ Qxe6 32. Nxe6 Kf7 33.
Nd4 Ra7 34. h3 Rc7 35. Rb3 Nc4 36. Nb5 Re7 37. Rb4 Re1+ 38. Kh2 Ne3 39. Nd4 Rc1
40. Rb7+ Kg6 41. g4 h5 42. gxh5+ Kh6 43. Kg3 Rf1 44. Re7 Nd5 45. Re8 Kxh5 46.
c4 Nc3 47. c5 Rd1 48. c6 Nd5 49. Ne6 Rc1 50. Rd8 Ne7 51. Nf4+ Kg5 52. Rd2 Nxc6
53. Ne6+ 1/2-1/2

[Event "9. Copenhagen Open Politiken Cup"]
[Site "Copenhagen"]
[Date "1987.??.??"]
[Round "1"]
[White "Sorensen, Henrik"]
[Black "Van Mil, Johan"]
[Result "0-1"]
[WhiteElo "2250"]
[BlackElo "2395"]
[PlyCount "70"]
[EventDate "1987.??.??"]
[EventType "swiss"]
[EventRounds "10"]
[EventCountry "DEN"]
[SourceDate "2004.01.01"]

1. d4 Nf6 2. Nf3 g6 3. Bg5 Bg7 4. Nbd2 c5 5. c3 cxd4 6. cxd4 d5 7. e3 Nc6 8. a3
Bf5 9. Rc1 O-O 10. b4 Rc8 11. Bf4 Ne4 12. Nb3 a5 13. b5 a4 14. bxc6 axb3 15. c7
b2 16. Rc2 Qd7 17. Rxb2 e5 18. Nxe5 Qxc7 19. Nc4 Qe7 20. Nb6 Qxa3 21. Qb3 Rc1+
22. Ke2 Qa6+ 23. Kf3 Rxf1 24. Rxf1 Qxf1 25. Nxd5 Re8 26. Be5 Ng5+ 27. Kg3 Rxe5
28. dxe5 Bxe5+ 29. Nf4 Ne4+ 30. Kf3 Ng5+ 31. Kg3 Ne4+ 32. Kf3 Bxb2 33. Qxb2
Ng5+ 34. Kg3 Ne4+ 35. Kf3 Qd1+ 0-1

[Event "9. Copenhagen Open Politiken Cup"]
[Site "Copenhagen"]
[Date "1987.??.??"]
[Round "1"]
[White "Wicker, Kevin J"]
[Black "Douven, Rudy C"]
[Result "0-1"]
[WhiteElo "2295"]
[BlackElo "2425"]
[PlyCount "68"]
[EventDate "1987.??.??"]
[EventType "swiss"]
[EventRounds "10"]
[EventCountry "DEN"]
[SourceDate "2004.01.01"]

1. d4 Nf6 2. Bf4 g6 3. e3 Bg7 4. h3 O-O 5. Nf3 d6 6. Be2 Nbd7 7. O-O b6 8. a4
a6 9. c4 a5 10. Nc3 Re8 11. Bh2 Bb7 12. Ng5 e5 13. dxe5 Nxe5 14. c5 h6 15. Nf3
Nxf3+ 16. Bxf3 Bxf3 17. Qxf3 bxc5 18. Nb5 Ne4 19. Qe2 c6 20. f3 cxb5 21. fxe4
Rxe4 22. Qf3 f5 23. Rad1 d5 24. axb5 h5 25. b6 Qxb6 26. Rxd5 Rd8 27. Rxd8+ Qxd8
28. Rd1 Qe8 29. Bc7 Qb5 30. Rd6 Kh7 31. Qg3 Qe8 32. Rd8 Qe7 33. Bxa5 Rxe3 34.
Qb8 Re1+ 0-1

[Event "9. Copenhagen Open Politiken Cup"]
[Site "Copenhagen"]
[Date "1987.??.??"]
[Round "2"]
[White "Berg, Klaus"]
[Black "Sorensen, Henrik"]
[Result "1-0"]
[WhiteElo "2365"]
[BlackElo "2250"]
[PlyCount "73"]
[EventDate "1987.??.??"]
[EventType "swiss"]
[EventRounds "10"]
[EventCountry "DEN"]
[SourceDate "2004.01.01"]

1. e4 c5 2. Nc3 Nc6 3. f4 g6 4. Nf3 Bg7 5. Bb5 Nd4 6. O-O Nxb5 7. Nxb5 d6 8. d3
a6 9. Nc3 b5 10. Qe1 b4 11. Nd5 Ra7 12. a3 bxa3 13. Rxa3 Nf6 14. Ne3 O-O 15.
Bd2 Nh5 16. Nc4 Be6 17. b3 Qc7 18. f5 Bc8 19. Qh4 Nf6 20. Bh6 e6 21. Bg5 Ne8
22. f6 Bh8 23. e5 dxe5 24. Nfxe5 Nd6 25. Ng4 Rd8 26. Bf4 Qc6 27. Bxd6 Rxd6 28.
Nge5 Qd5 29. Nxd6 Qxd6 30. Nc4 Qd5 31. Nb6 Qd8 32. Nxc8 Qxc8 33. Ra4 Qd8 34.
Rc4 Rc7 35. Qf4 Rd7 36. Rxc5 Rd4 37. Rc8 1-0

[Event "9. Copenhagen Open Politiken Cup"]
[Site "Copenhagen"]
[Date "1987.??.??"]
[Round "2"]
[White "Conquest, Stuart"]
[Black "Wicker, Kevin J"]
[Result "1-0"]
[WhiteElo "2445"]
[BlackElo "2295"]
[PlyCount "59"]
[EventDate "1987.??.??"]
[EventType "swiss"]
[EventRounds "10"]
[EventCountry "DEN"]
[SourceDate "2004.01.01"]

1. d4 c6 2. c4 g6 3. Nc3 Bg7 4. e4 d6 5. Be3 f5 6. exf5 Bxf5 7. Bd3 Qd7 8. Nf3
Nf6 9. O-O Na6 10. Re1 O-O 11. Bxf5 Qxf5 12. d5 Ng4 13. Bd4 Rf7 14. Bxg7 Kxg7
15. Ne4 h6 16. Nd4 Qh5 17. h3 Ne5 18. Ne6+ Kh7 19. Qb3 cxd5 20. cxd5 b6 21. f4
Nd7 22. Qc4 Nac5 23. Ng3 Qh4 24. Ne2 a5 25. Rf1 b5 26. Qc2 Qh5 27. f5 Rf6 28.
Ng3 Qh4 29. fxg6+ Kg8 30. Nf5 1-0

[Event "9. Copenhagen Open Politiken Cup"]
[Site "Copenhagen"]
[Date "1987.??.??"]
[Round "2"]
[White "Danielsen, Henrik"]
[Black "Clausen, Steen"]
[Result "1/2-1/2"]
[WhiteElo "2405"]
[BlackElo "2270"]
[PlyCount "116"]
[EventDate "1987.??.??"]
[EventType "swiss"]
[EventRounds "10"]
[EventCountry "DEN"]
[SourceDate "2004.01.01"]

1. Nf3 g6 2. d4 Bg7 3. g3 c5 4. Bg2 cxd4 5. Nxd4 Nc6 6. Nxc6 dxc6 7. Qxd8+ Kxd8
8. Nd2 Nh6 9. a4 f5 10. a5 Kc7 11. Nc4 Nf7 12. h4 e5 13. Be3 Be6 14. Ra4 Bd5
15. O-O Bxg2 16. Kxg2 Rhd8 17. Rfa1 Kc8 18. h5 g5 19. f3 f4 20. Bf2 Nd6 21. Rd1
Nxc4 22. Rxd8+ Kxd8 23. Rxc4 Kc7 24. Kh3 b5 25. Re4 Kd6 26. Kg4 Bh6 27. a6 c5
28. b4 c4 29. Bc5+ Kd5 30. Kf5 Re8 31. Bxa7 Rf8+ 32. Kg4 Ra8 33. Bb6 Rxa6 34.
Bd8 fxg3 35. Kxg3 c3 36. Re3 Kd4 37. Kf2 Ra2 38. Bf6 Rxc2 39. Re4+ Kd5 40. Bxe5
Rc1 41. Ke3 g4+ 42. Kd3 gxf3 43. exf3 Rf1 44. Re2 Rxf3+ 45. Kc2 Bd2 46. Bh8 Rf5
47. Rh2 Kc4 48. Rh4+ Rf4 49. Rxf4+ Bxf4 50. Bxc3 Bd6 51. Kb2 Bxb4 52. Bxb4 Kxb4
53. h6 Kc4 54. Kc2 b4 55. Kb2 b3 56. Kb1 Kc3 57. Kc1 b2+ 58. Kb1 Kb3 1/2-1/2

[Event "9. Copenhagen Open Politiken Cup"]
[Site "Copenhagen"]
[Date "1987.??.??"]
[Round "2"]
[White "Douven, Rudy C"]
[Black "Bartels, Hans A"]
[Result "1/2-1/2"]
[WhiteElo "2425"]
[BlackElo "2315"]
[PlyCount "41"]
[EventDate "1987.??.??"]
[EventType "swiss"]
[EventRounds "10"]
[EventCountry "DEN"]
[SourceDate "2004.01.01"]

1. d4 d5 2. c4 e6 3. Nf3 Nf6 4. Nc3 Be7 5. Bg5 O-O 6. e3 h6 7. Bxf6 Bxf6 8. Rc1
c6 9. Be2 Nd7 10. cxd5 exd5 11. b4 Be7 12. b5 Ba3 13. Rb1 Qa5 14. Qb3 Nf6 15.
O-O Bf5 16. Rbd1 Bb4 17. Rc1 Ba3 18. Ra1 Bb4 19. Rfc1 Ba3 20. Rd1 Bb4 21. Rdc1
1/2-1/2

[Event "9. Copenhagen Open Politiken Cup"]
[Site "Copenhagen"]
[Date "1987.??.??"]
[Round "2"]
[White "Hazai, Laszlo"]
[Black "Hoi, Carsten"]
[Result "1/2-1/2"]
[WhiteElo "2465"]
[BlackElo "2355"]
[PlyCount "93"]
[EventDate "1987.??.??"]
[EventType "swiss"]
[EventRounds "10"]
[EventCountry "DEN"]
[SourceDate "2004.01.01"]

1. e4 Nc6 2. Nf3 g6 3. d4 Bg7 4. d5 Ne5 5. Nxe5 Bxe5 6. Nd2 d6 7. Bd3 Bg7 8.
O-O Nf6 9. h3 O-O 10. Nf3 e5 11. dxe6 Bxe6 12. Nd4 Qe7 13. Re1 Rfe8 14. Bg5 h6
15. Bh4 g5 16. Bg3 Nd7 17. c3 Be5 18. Qf3 Qf6 19. Qxf6 Nxf6 20. Bxe5 dxe5 21.
Nf3 Rad8 22. Bc2 Nd7 23. Bb3 Nc5 24. Bxe6 Rxe6 25. Rad1 Rxd1 26. Rxd1 f6 27.
Rd8+ Kf7 28. Nd2 Rd6 29. Rxd6 cxd6 30. b4 Na4 31. c4 Ke6 32. f3 h5 33. g3 a6
34. Kf2 b5 35. Ke3 Nc3 36. a3 Nd1+ 37. Ke2 Nb2 38. cxb5 axb5 39. h4 gxh4 40.
gxh4 f5 41. Nf1 f4 42. Nd2 Kd7 43. Nb1 Na4 44. Kd2 Kc6 45. Nc3 Nxc3 46. Kxc3 d5
47. Kd3 1/2-1/2

[Event "9. Copenhagen Open Politiken Cup"]
[Site "Copenhagen"]
[Date "1987.??.??"]
[Round "2"]
[White "Hutters, Tomas"]
[Black "Nielsen, Jorgen G"]
[Result "1-0"]
[WhiteElo "2335"]
[BlackElo "2245"]
[PlyCount "65"]
[EventDate "1987.??.??"]
[EventType "swiss"]
[EventRounds "10"]
[EventCountry "DEN"]
[SourceDate "2004.01.01"]

1. d4 f5 2. g3 Nf6 3. Bg2 g6 4. c4 Bg7 5. Nh3 O-O 6. O-O d6 7. d5 c6 8. Nf4 e5
9. dxe6 g5 10. Nd3 h6 11. b3 Ne4 12. Bb2 Bxb2 13. Nxb2 Qf6 14. Qc2 Na6 15. Nd2
d5 16. cxd5 cxd5 17. Nxe4 fxe4 18. Qd2 Bxe6 19. Rac1 Rac8 20. Na4 Rxc1 21. Qxc1
b5 22. Nc3 Rc8 23. Nxd5 Qf7 24. Qa3 Nc5 25. Ne3 Qb7 26. Rc1 b4 27. Qb2 Qg7 28.
Qd2 a5 29. Qd6 Qc7 30. Qxc7 Rxc7 31. Bxe4 a4 32. bxa4 Bxa2 33. Bd5+ 1-0

[Event "9. Copenhagen Open Politiken Cup"]
[Site "Copenhagen"]
[Date "1987.??.??"]
[Round "2"]
[White "Iskov, Gert"]
[Black "Knudsen, Jes West"]
[Result "1-0"]
[WhiteElo "2330"]
[BlackElo "2215"]
[PlyCount "39"]
[EventDate "1987.??.??"]
[EventType "swiss"]
[EventRounds "10"]
[EventCountry "DEN"]
[SourceDate "2004.01.01"]

1. e4 c5 2. Nf3 a6 3. c4 Nc6 4. d4 cxd4 5. Nxd4 e5 6. Nf5 d5 7. cxd5 Bxf5 8.
exf5 Nd4 9. Nc3 Bb4 10. Bd3 Qxd5 11. O-O Bxc3 12. bxc3 Nc6 13. Qe2 Nf6 14. Bg5
O-O-O 15. Bc4 Qd7 16. Rab1 Qxf5 17. Bxa6 Rd7 18. Be3 Nd5 19. Rxb7 Nxc3 20. Rb3+
1-0

[Event "9. Copenhagen Open Politiken Cup"]
[Site "Copenhagen"]
[Date "1987.??.??"]
[Round "2"]
[White "Jakobsen, Ole"]
[Black "Jacobsen, Bo"]
[Result "1-0"]
[WhiteElo "2400"]
[BlackElo "2285"]
[PlyCount "79"]
[EventDate "1987.??.??"]
[EventType "swiss"]
[EventRounds "10"]
[EventCountry "DEN"]
[SourceDate "2004.01.01"]

1. c4 Nf6 2. Nc3 g6 3. e4 d6 4. d4 Bg7 5. f3 O-O 6. Be3 e5 7. d5 c6 8. Qd2 cxd5
9. cxd5 a6 10. Bd3 Nbd7 11. Nge2 Ne8 12. O-O-O b5 13. Kb1 Nb6 14. Rc1 Bd7 15.
g4 b4 16. Nd1 Rb8 17. h4 Nc7 18. Ng3 Bb5 19. Nf2 Na4 20. Ka1 Nxd5 21. exd5 e4
22. Ngxe4 Nxb2 23. Kb1 Qa5 24. Bxb5 Rxb5 25. Bd4 Rxd5 26. Qxb2 Rxd4 27. Qb3 Qb6
28. Rhd1 a5 29. a4 Re8 30. Re1 Rb8 31. Nd3 Qa6 32. Red1 d5 33. Nec5 Qf6 34. Nd7
Qxf3 35. Nxb8 Rc4 36. Rf1 Qe2 37. Rfe1 Qxg4 38. Re8+ Bf8 39. Qd1 Qxh4 40. Qe2
1-0

[Event "9. Copenhagen Open Politiken Cup"]
[Site "Copenhagen"]
[Date "1987.??.??"]
[Round "2"]
[White "Jansa, Vlastimil"]
[Black "Hvenekilde, Jorgen"]
[Result "0-1"]
[WhiteElo "2465"]
[BlackElo "2295"]
[PlyCount "84"]
[EventDate "1987.??.??"]
[EventType "swiss"]
[EventRounds "10"]
[EventCountry "DEN"]
[SourceDate "2004.01.01"]

1. e4 e6 2. d4 d5 3. Nd2 Nf6 4. e5 Nfd7 5. c3 c5 6. Bd3 Nc6 7. Ne2 cxd4 8. cxd4
Nb4 9. Bb1 a5 10. O-O Nb6 11. f4 g6 12. g4 Bd7 13. Nf3 Bb5 14. f5 gxf5 15. gxf5
Rc8 16. Rf2 Bxe2 17. Rxe2 Rg8+ 18. Kh1 h6 19. a3 Nc6 20. fxe6 fxe6 21. Bh7 Rh8
22. Qd3 Kd7 23. Be3 Kc7 24. Rg1 Qd7 25. Bg6 Kb8 26. Rf2 Be7 27. Nd2 Nc4 28.
Nxc4 dxc4 29. Qe4 Bg5 30. Rf7 Qd8 31. Bf2 Rc7 32. h4 Rxf7 33. Bxf7 Rf8 34. Bxe6
Rxf2 35. hxg5 hxg5 36. Rg3 Rf4 37. Qe3 Nxd4 38. Bg4 Qd5+ 39. Kh2 Qe4 40. e6
Rxg4 41. e7 Rh4+ 42. Kg1 Rh1+ 0-1